000 00487cam a2200145 4500500
005 20260111085408.0
041 _afre
042 _adc
100 1 0 _aMambrino, Jean
_eauthor
245 0 0 _aHector Bianciotti, La Nostalgie de la Maison de Dieu . Gallimard, 2003, 142 pages, 12,90 €
260 _c2004.
500 _a11
786 0 _nÉtudes | 400 | 2 | 2004-02-01 | p. I-I | 0014-1941
856 4 1 _uhttps://shs.cairn.info/revue-etudes-2004-2-page-I?lang=fr&redirect-ssocas=7080
999 _c1618117
_d1618117